000 00798nam a2200253 u 4500
005 20240228064117.0
008 130212s2007 mx r 000 0 spa d
020 _a9704900082 (10 dígitos)
020 _a9789704900083 (13 dígitos)
035 _aUPN01000189556
049 _aI
050 4 _aRK63
_bV4.4
100 1 _aVelasco Mancera, Luis Roberto
_933904
245 1 4 _aLas aventuras de Prevacin /
_cLuis Velasco Mancera.
260 _aMéxico :
_bFelou,
_cc2007.
300 _a[36] p. :
_bil. col.
440 0 _aMaqueta
500 _aTítulo de la reimpresión: Una gran aventura con Precavin
650 4 _aDIENTES -
_xCUIDADO E HIGIENE
_914048
650 4 _aLibros y lectura para niños
_92290
740 4 _aUna gran aventura con Precavin
905 _aInfantil
999 _c161659
_d161659